000 00204 a2200097 4500
001 30256
100 _aSmythe, Pat
245 _aJump for Joy
260 _aLondon
_bCassell & Co
_c
090 _c20199
_d20199
942 _aNUST-CAE
_cM
_c11335
999 _c265329
_d265329